000 01485 a2200217 4500
001 42250
005 20260407155712.0
008 260407a1970 arg spa d
003 AR-UNSa-BCEJYS
040 _aAR-UNSa-BCEJYS
_bspa
_cAR-UNSa-BCEJYS
080 _a330(82)
_xEconomia Argentina
245 1 0 _aLa economía Argentina
_plas etapas de su desarrollo y problemas actuales
250 _a5a. ed.
264 1 _aBuenos Aires :
_bFondo de Cultura Económica
_c1970
300 _a266 p.
_c20 cm.
505 _a1. El comercio como factor de disolución del orden feudal - 2. Formación de la economía colonial americana - 3. Las economías regionales de subsistencia del actual territorio argentino - 4. Estructura y dinámica del sistema - 5. El puerto de Buenos Aires como intermediario comercial - 6. Expansión de la ganadería - 7. El desarrollo del Litoral - 8. El estancamiento del interior - 9. El progreso técnico y la integración de la economía mundial - 10. Factores condicionantes y expansión agropecuaria - 11. Estructura y dinámica del sistema - 12. Quiebra del equilibrio interregional - 13. Cambios en la economía mundial a partir de 1930 - 14. Las nuevas condiciones del desarrollo - 15. Desarrollo del sistema y sus límites - 16. Consolidación del desequilibrio interregional - 17. Inflación y estancamiento: la política económica a partir de 1950
041 _aspa
942 _cBK
590 _aniveau_biblio:m niveau_hierar:0
100 1 _aFerrer, Aldo
999 _c3586
_d3586